Understanding commercial property investment (Record no. 105026)

MARC details
000 -LEADER
fixed length control field 01178cam a2200229 4500
001 - CONTROL NUMBER
control field ##L132127
008 - FIXED-LENGTH DATA ELEMENTS--GENERAL INFORMATION
fixed length control field 060112n2005 000 0 eng u
020 ## - INTERNATIONAL STANDARD BOOK NUMBER
International Standard Book Number 1842191713
035 ## - SYSTEM CONTROL NUMBER
System control number (Sirsi) u132127
041 0# - LANGUAGE CODE
Language code of text/sound track or separate title eng
050 04 - LIBRARY OF CONGRESS CALL NUMBER
Classification number 332.6324
-- 18
110 2# - MAIN ENTRY--CORPORATE NAME
Corporate name or jurisdiction name as entry element Investment Property Forum
9 (RLIN) 2112
245 00 - TITLE STATEMENT
Title Understanding commercial property investment
Remainder of title a guide for financial advisers
260 ## - PUBLICATION, DISTRIBUTION, ETC.
Place of publication, distribution, etc. London
Name of publisher, distributor, etc. Seven Dials
Date of publication, distribution, etc. 2005
300 ## - PHYSICAL DESCRIPTION
Extent 36p.
Other physical details ill
Dimensions 21cm.
490 #0 - SERIES STATEMENT
Series statement RICS Commercial Property Faculty Feature
520 ## - SUMMARY, ETC.
Summary, etc. The guide is commissioned with funding from the Investment Property Forum Educational Trust, RICS and British Property Federation. Its aim is to present an overview of the commerical property investment market whilst demonstrating how it offers investors a range of positive attributes. Emphasis is placed on the need to understand the mechanics of the industry. There is also a large section dedicated to the acquistion of indirect exposure.
690 ## - LOCAL SUBJECT ADDED ENTRY--TOPICAL TERM (OCLC, RLIN)
Topical term or geographic name as entry element PROPERTY-COMMERCIAL PROPERTY-COMMERCIAL PROPERTY MARKET
710 2# - ADDED ENTRY--CORPORATE NAME
Corporate name or jurisdiction name as entry element Royal Institution of Chartered Surveyors
9 (RLIN) 4900
710 2# - ADDED ENTRY--CORPORATE NAME
Corporate name or jurisdiction name as entry element British Property Federation
9 (RLIN) 1604
942 ## - ADDED ENTRY ELEMENTS (KOHA)
Suppress in OPAC 0
Holdings
Withdrawn status Lost status Source of classification or shelving scheme Damaged status Not for loan Home library Current library Shelving location Date acquired Total Checkouts Full call number Barcode Date last seen Copy number Price effective from Koha item type Date last checked out
    Dewey Decimal Classification     London London RICS Boxes 12/01/2006   RICS 2005/37 30071569 06/08/2019 1 06/08/2019 Archive  
    Dewey Decimal Classification     London London RICS Boxes 12/01/2006 1 RICS 2005/37 30071571 06/08/2019 3 06/08/2019 Reference material 22/06/2006
    Dewey Decimal Classification     London London RICS Boxes 12/01/2006   RICS 2005/37 30071573 06/08/2019 4 06/08/2019 Book  
    Dewey Decimal Classification     Virtual Virtual Online 16/01/2006   ONLINE PUBLICATION 132127-2001 06/08/2019 1 06/08/2019 Book